Bilecik Bilecik Bilecik Bilecik Bilecik

Advanced organic chemistry/ (Record no. 26444)

MARC details
000 -BAŞLIK
Sabit Uzunluktaki Kontrol Alanı 01059nam a22003257a 4500
001 - KONTROL NUMARASI
Control Dosyası 0026505
003 - KONTROL NUMARASI KİMLİĞİ
Kontrol Alanı KOHA_MİRAKIL
005 - EN SON İŞLEM TARİHİ ve ZAMANI
Kontrol Alanı 20260207002530.0
007 - FİZİKSEL TANIM SABİT ALAN - GENEL BİLGİ
Sabit uzunluklu kontrol alanı ta
008 - SABİT UZUNLUKTAKİ VERİ ÖGELERİ - GENEL BİLGİ
Sabit Alan 101122b2007 usa|||gr||||#||||0|eng |
020 ## - ISBN - ULUSLARARASI STANDART KİTAP NUMARASI
Isbn 9780387448978
Nitelik bilgileri (pt. A : acid-free paper)
020 ## - ISBN - ULUSLARARASI STANDART KİTAP NUMARASI
Isbn 9780387683461
Nitelik bilgileri (pt. A : soft cover : acid-free paper)
020 ## - ISBN - ULUSLARARASI STANDART KİTAP NUMARASI
Isbn 9780387448993
Nitelik bilgileri (pt. A : e-ISBN)
040 ## - KATALOGLAMA KAYNAĞI
Özgün Kataloglama Kurumu TR-BiSEU
Kataloglama Dili tur
Çeviri Kurumu TR-BiSEU
Açıklama Kuralları rda
041 0# - DİL KODU
Metin ya da ses kaydının dil kodu eng
044 ## - YAYINLAYAN/ÜRETEN KURULUŞUN ÜLKE KODU
ISO country code us
050 ## - SINIFLAMA ve YER NUMARASI
Sınıflama Numarası QD251.3
Yer Numarası .C367 2007
100 1# - KİŞİ ADI
Yazar Adı (Kişi adı) Carey, Francis A..
245 1# - ESER ADI BİLDİRİMİ
Başlık Advanced organic chemistry/
Sorumluluk Bildirimi Francis A. Carey ; Frank A. Carey and Richard J. Sundberg..
250 ## - BASIM BİLDİRİMİ
Basım Bildirimi 5th ed.
264 #1 - ÜRERİM, YAYIN, DAĞITIM ve TELİF BİLDİRİMİ
Yayın yeri New York :
Yayınlayan Springer, c2007
Yayın tarihi 2007
300 ## - FİZİKSEL TANIMLAMA
Sayfa, Cilt vb. v. :
Diğer fiziki detaylar illustretions; 26 cm.
336 ## - İÇERİK TÜRÜ
Content type term metin
Content type code txt
Source rdacontent
337 ## - MEDYA TÜRÜ
Media type term aracısız
Media type code n
Source rdamedia
338 ## - TAŞIYICI TÜRÜ
Carrier type term cilt
Carrier type code nc
Source rdacarrier
500 ## - GENEL NOT
Genel Not Includes bibliographical references and index.
500 ## - GENEL NOT
Genel Not pt. A. Structure and mechanisms
650 #0 - KONU BAŞLIĞI EK GİRİŞ - KONU TERİMİ
Konusal terim veya coğrafi ad Chemistry, Organic.
9 (RLIN) 1515
942 ## - EK GİRİŞ ÖGELERİ (KOHA)
Source of classification or shelving scheme Library of Congress Classification
Koha item type Book
Holdings
Materyal Türü Kalıcı Konum Mevcut Konum Raf Yeri Sınıflandırma Kaynağı Edinim Bilgisi Ana Konular Alt Konular Yer Numarası Demirbaş Numarası Fatura Tarihi Maliyet, Alış Fiyatı Maliyet, Yenileme Fiyatı Geri Çekilme Durumu Kayıp Durumu Hasarlı Durumu Kredi için değil Kayıt Tarih Toplam Ödünçverme Son Görülme Tarihi Son Kontrol Tarihi
Book Prof. Dr. Azmi Özcan Kütüphanesi Prof. Dr. Azmi Özcan Kütüphanesi Birûni Salonu Library of Congress Classification Satın BİLİM Kimya QD251.3 .C367 2007 0026505 15/12/2010 66.96 66.96         22/11/2010   05/12/2024 05/12/2024